Actors who worked with Steve McQueen - Statistics

General Stats
  • This quiz has been taken 6 times
  • The average score is 17 of 43
Answer Stats
Films Answer % Correct
12 Years a Slave Brad Pitt
100%
12 Years a Slave Chiwetel Ejiofor
100%
12 Years a Slave Lupita Nyong'o
100%
Widows Daniel Kaluuya
75%
12 Years a Slave, Shame, Hunger Michael Fassbender
75%
Widows Viola Davis
75%
12 Years a Slave Benedict Cumberbatch
50%
Widows Brian Tyree Henry
50%
Shame Carey Mulligan
50%
Widows Colin Farrell
50%
Widows Elizabeth Debicki
50%
Widows Jon Bernthal
50%
Widows Liam Neeson
50%
12 Years a Slave Michael Kenneth Williams
50%
12 Years a Slave Paul Dano
50%
12 Years a Slave Paul Giamatti
50%
Widows Robert Duvall
50%
Blitz Saoirse Ronan
50%
12 Years a Slave Sarah Paulson
50%
12 Years a Slave, Widows Adepero Oduye
25%
12 Years a Slave Alfre Woodard
25%
Blitz Benjamin Clémentine
25%
12 Years a Slave Bill Camp
25%
Widows Carrie Coon
25%
Widows Cynthia Erivo
25%
Blitz Elliott Heffernan
25%
12 Years a Slave, Widows Garret Dillahunt
25%
Blitz Harris Dickinson
25%
Widows Jacki Weaver
25%
Shame James Badge Dale
25%
Blitz Kathy Burke
25%
Hunger Liam Cunningham
25%
Widows Lukas Haas
25%
Widows Matt Walsh
25%
Widows Michelle Rodriguez
25%
Shame Nicole Beharie
25%
12 Years a Slave Quvenzhané Wallis
25%
12 Years a Slave Scoot McNairy
25%
Blitz Stephen Graham
25%
12 Years a Slave Storm Reid
25%
Hunger Stuart Graham
25%
12 Years a Slave Kelvin Harrison Jr.
0%
Widows Kevin J. O'Connor
0%
No matching quizzes found
Score Distribution
Percent of People with Each Score
Percentile by Number Answered
Your Score History
You have not taken this quiz